00466nam a2200193 a 4500001001300000003000900013005001700022008004100039020001200080082001300092100001500105245002000120260004000140300000800180500003500188505001000223650002400233700001500257nice12345678IN_TiNIC20260116011718.0050524s1962 lona grp 000 0 eng  ac349.600a201bPEA aPearn, B R aJudson of Burma aLondonbEdinburgh House Pressc1962 a96p aincludes index and biblioraphy2 aindex aChristian-Biography1 aPearn, B R